| 000 | 00714cam a22002293a 4500 | ||
|---|---|---|---|
| 001 | 13718 | ||
| 003 | PGUSA | ||
| 005 | 20140828083308.0 | ||
| 008 | 041011s2004||||xxu|||||s|||||000 | eng d | ||
| 040 |
_aPGUSA _beng |
||
| 042 | _adc | ||
| 050 | 4 | _aHE | |
| 100 | 1 |
_aBacon, Edwin M. _q(Edwin Monroe), _d1844-1916 |
|
| 245 | 1 | 0 |
_aManual of Ship Subsidies : _bAn Historical Summary of the Systems of All Nations _h[electronic resource] / _cEdwin M. Bacon |
| 260 |
_bProject Gutenberg, _c2004 |
||
| 506 | _aPublic domain in the USA. | ||
| 516 | _aElectronic text | ||
| 653 | _aShipping bounties and subsidies | ||
| 830 | 0 |
_aProject Gutenberg _v13718 |
|
| 856 | 4 | 0 | _uhttp://www.gutenberg.org/ebooks/13718 |
| 942 | _cEB | ||
| 999 |
_c242973 _d242973 |
||